| 000 | 00473 a2200169 4500 | ||
|---|---|---|---|
| 020 | _a0316291358 | ||
| 024 | _a978031629134 | ||
| 082 | _a346.73092 | ||
| 090 |
_c1050 _d1050 |
||
| 100 | _aFrankel, Tamar | ||
| 245 |
_aThe Regulation of Money Management _b1995 Supplement _cTamar Frankel _hEnglish |
||
| 260 |
_aNeo York _bLittle Brown & Company _c1995 |
||
| 500 | _aPaper Cover | ||
| 600 | _aFrankel, Tamar | ||
| 700 | _aFrankel, Tamar | ||
| 942 |
_aNBS _cBK _k346.73092 FRA |
||
| 999 |
_c343584 _d343584 |
||